| 000 | 00546cam a2200217ua 4500 | ||
|---|---|---|---|
| 020 | _c80.00 | ||
| 041 |
_aeng _h |
||
| 082 |
_a621.310 42 _bBIM/EL |
||
| 100 | _aBimbhra, P S . | ||
| 245 |
_aElectrical machinery: Theory, performance and application / _cP S Bimbhra. _hTextual Documents |
||
| 250 |
_a4 / _b. |
||
| 260 |
_aDelhi : _bKhanna publishers , _c1995. |
||
| 300 | _a1031 ; . | ||
| 365 | _a80.00 | ||
| 500 | _a*CSS | ||
| 504 | _a | ||
| 942 | _cBK | ||
| 999 |
_c10293 _d10293 |
||